000 01214nam a2200229Ia 4500
003 Ost
005 20260507075745.0
008 260507s9999||||xx |||||||||||||| ||und||
020 _a1041909961
040 _cfsecg
041 _aara
082 _a330
100 _aبن الذيب، رشيد
_eمؤلف
245 0 _aإقتصاد جزئي :
_bنظرية وتمارين /
_c رشيد بن الذيب
250 _aطبعة 5
260 _aالجزائر:
_bديوان المطبوعات الجامعية,
_c2007
300 _a456 صفحة؛
_bإيضاحات ؛
_c24 سم
520 _aنظرية الطلب- وسائل التحليل-نظرية الإنتاج - تكوين الأسعار ونظام السوق- نظرية استعمال عناصر الإنتاج والإنتاجية الحدية- المنافسة المثلى- نظريات التوازن العام والرفاهية الإجتماعية- الإحتكار والمنافسة الإحتكارية- نظرية الأسعار في إحتكار القلة- نظرية المردودية الإجتماعية.
653 _aالإقتصاد الجزئي
700 _aعباس، نادية شطاب
_eمؤلف ثانوي
942 _cكتاب
999 _c46185
_d46185